| 000 | 02340nam a2200385 i 4500 | ||
|---|---|---|---|
| 003 | DO-SdBNP | ||
| 005 | 20260305073952.0 | ||
| 007 | ta | ||
| 008 | 110413s2022 dr bo 000 0 spa d | ||
| 020 | _a9789945931617 | ||
| 040 |
_aDO-SdBNP _bspa _cBNPHU _erda |
||
| 041 | _heng. fra. | ||
| 082 |
_bM375r _222 |
||
| 100 | 1 |
_aMarte, Domingo, _d1939- _910487 |
|
| 245 | 1 | 0 |
_aRíos dominicanos : _bredes de vida / _cDomingo Marte ; presentación Chistopher Paniagua ; prólogo Frank Moya Pons ; traducción al ingles Amanda Livoti ; traducción del francés Mayra C. Pichardo ; mapas Víctor M. Medina |
| 246 | 5 |
_aRivers dominican / _bnetworks of life / |
|
| 246 | 5 |
_aRiviéres dominicaines : _bréseaux de vie / |
|
| 264 | 1 |
_aSanto Domingo : _bBanco Popular, _c2022. |
|
| 300 |
_a301 páginas _c32 cm. _bmapas, fotografías |
||
| 336 |
_2rdacontent _atexto _btxt |
||
| 337 |
_2rdamedia _asin mediación _bn |
||
| 338 |
_2rdacarrier _avolumen _bnc |
||
| 500 | _aLibro de pasta dura. | ||
| 500 | _aIncluye datos biográficos del autor en las páginas 241, 270 y 301. | ||
| 504 | _aBibliografías incluidas | ||
| 505 | 0 |
_tRío Pedernales, pág.. 17 -- _tRío Artibonito, pág.. 23 -- _tRío Masacre, pág. 31 -- _tRío Nizaíto, pág. 37 -- _tRío Bahoruco, pág. 41 -- _tRío Yaque del Sur, pág. 45 -- _tRío Tábara, pág. 65 -- _tRío Yaque del Norte, pág. 71 -- _tRío Bajabonico, pág. 89 -- _tRío Baní, pág. 95 -- _tRío Nizao, pág. 103 -- _tRío Haina, pág. 115 -- _tRío Yuna, pág. 123 -- _tRío Nigua, pág. 141 -- _tRío Yásica, pág. 147 -- _tRío Boba, pág. 157 -- _tRío Ozama, pág. 169 -- _tRío Limón, pág. 193 -- _tRío Higuamo, pág. 201 -- _tRío Soco, pág. 205 -- _tRío Cumayasa, pág. 211 -- _tRío Dulce, pág. 214 -- _tRío Chavón, pág. 217 -- _tRío Yabón, pág. 223 -- _tRío Maimón, pág. 229 -- _tRío Anamuya, pág. 233 -- _tRío Duey-Yuma, pág. 237 -- _tEnglish version, pág.. 245 -- _tVersion francaise, pág.. 275 / |
|
| 590 | _aInventariado, 2023/ YL | ||
| 700 | 1 |
_aSilié, Rubén, _d1946- _epresentación _91421 |
|
| 700 | 1 |
_aMoya Pons, Frank, _d1944- _eprólogo _92095 |
|
| 700 |
_aLivoti, Amanda _etraducción al ingles _982909 |
||
| 700 |
_aPichardo, Mayira C. _etraducción al frances _984330 |
||
| 700 |
_aMedina, Víctor M. _eelaboración de mapas _984331 |
||
| 910 | _aYLockward | ||
| 942 |
_2ddc _cLBS1 |
||
| 999 |
_c55039 _d55039 |
||